000 00464nam a2200181Ia 4500
001 16940
005 20260306170348.0
008 260306t2017||||xx |||||||||||||| ||und||
041 _aESP
082 _a657.3
_bR35
100 _aContadores & Empresas. División de Estudios Contables
_eAUT
245 0 _aRégimen normativo contable 2018
260 _c2017
300 _a758 páginas :
_c25 cm.
650 _aGEN
654 _aCCO
942 _cLIB
_dJUS
_fJUS
_2ddc
_n
999 _c16940
_d16940